<?xml version="1.0" encoding="UTF-8"?><?xml-stylesheet type="text/xsl" href="static/style.xsl"?><OAI-PMH xmlns="http://www.openarchives.org/OAI/2.0/" xmlns:xsi="http://www.w3.org/2001/XMLSchema-instance" xsi:schemaLocation="http://www.openarchives.org/OAI/2.0/ http://www.openarchives.org/OAI/2.0/OAI-PMH.xsd"><responseDate>2026-04-13T06:46:31Z</responseDate><request verb="GetRecord" identifier="oai:www.recercat.cat:10256/2358" metadataPrefix="marc">https://recercat.cat/oai/request</request><GetRecord><record><header><identifier>oai:recercat.cat:10256/2358</identifier><datestamp>2024-12-05T12:11:01Z</datestamp><setSpec>com_2072_452971</setSpec><setSpec>com_2072_2054</setSpec><setSpec>col_2072_452980</setSpec></header><metadata><record xmlns="http://www.loc.gov/MARC21/slim" xmlns:dcterms="http://purl.org/dc/terms/" xmlns:xsi="http://www.w3.org/2001/XMLSchema-instance" xmlns:doc="http://www.lyncode.com/xoai" xsi:schemaLocation="http://www.loc.gov/MARC21/slim http://www.loc.gov/standards/marcxml/schema/MARC21slim.xsd">
   <leader>00925njm 22002777a 4500</leader>
   <datafield ind2=" " ind1=" " tag="042">
      <subfield code="a">dc</subfield>
   </datafield>
   <datafield ind2=" " ind1=" " tag="720">
      <subfield code="a">Feliu, Francesc</subfield>
      <subfield code="e">author</subfield>
   </datafield>
   <datafield ind2=" " ind1=" " tag="260">
      <subfield code="c">1996</subfield>
   </datafield>
   <datafield ind2=" " ind1=" " tag="520">
      <subfield code="a">Ressenya del llibre "Política lingüística de l'Església catalana (segles XVI-XV)", de Modest Prats. Es tracta del 4t volum de la col·lecció Història de la llengua i inclou textos ordenats cronològica i temàticament en 6 apartats</subfield>
   </datafield>
   <datafield tag="653" ind2=" " ind1=" ">
      <subfield code="a">Església Catòlica -- Catalunya -- S.XVI-XVII -- Ressenyes de llibres</subfield>
   </datafield>
   <datafield tag="653" ind2=" " ind1=" ">
      <subfield code="a">Catholic Church -- Catalonia -- 16th-17th centuries -- Book reviews</subfield>
   </datafield>
   <datafield tag="653" ind2=" " ind1=" ">
      <subfield code="a">Català -- Història -- S.XVI-XVII -- Ressenyes de llibres</subfield>
   </datafield>
   <datafield tag="653" ind2=" " ind1=" ">
      <subfield code="a">Catalan language -- History -- 16th-17th centuries -- Book reviews</subfield>
   </datafield>
   <datafield tag="653" ind2=" " ind1=" ">
      <subfield code="a">Prats, Modest, 1936-2014 -- Ressenyes de llibres</subfield>
   </datafield>
   <datafield ind2="0" ind1="0" tag="245">
      <subfield code="a">L'Església, la llengua i el país</subfield>
   </datafield>
</record></metadata></record></GetRecord></OAI-PMH>